Investment Pyramid - Statistics

General Stats
  • This quiz has been taken 30 times
    28 since last reset
  • The average score is 11 of 41
Answer Stats
Hint Answer % Correct
Top Art
80%
Top Gold & Silver
80%
Top Precious Stones
80%
Top Purchase of Call and Put Options
60%
Top Rare Coins
60%
Top Strategic Metals
60%
Sixth (Left) Corporate Bonds
40%
Sixth (Middle) Variable Annuities
40%
Sixth (Left) "E" & "H" Bonds
40%
Sixth (Middle) Fixed Annuities
40%
4 - 5 Level Title Growth Income
40%
Fourth Oil And Gas Income Programs
40%
Second (Middle) Oil & Gas Exploration
40%
7 Level Title Preservation of Capital
40%
Top Sale Of Call Options (Uncovered)
40%
Second (Left) Speculative Stocks (Including Penny Stocks)
40%
Fifth (Right) Blue Chip Stocks
20%
2 - 3 Level Title Capital Growth
20%
Seventh (Right) Commercial Paper
20%
Second (Right) Commodity Pools (Raw Land, Farm Land, etc)
20%
Sixth (Left) Convertible Bonds
20%
Seventh (Right) Checking Account
20%
Fifth (Right) Sale of Call Options (Covered)
20%
6 Level Title Income
20%
Fifth (Left) Managed Accounts
20%
Fifth (Left) Mutual Funds
20%
Sixth (Right) Personal Property
20%
Sixth (Right) Residence
20%
Seventh (Middle) Retirement Programs
20%
First Level Title Special Situations
20%
Sixth (Middle) Treasury Notes & Bills
20%
Seventh (Right) Certificates of Deposit
0%
Third Commercial & Residential Real Estate Obtained For Investment Purposes
0%
Increasement Effect Increased Potential Reward Through Appreciation
0%
Increasement Effect Increased Risk of Loss of Capital
0%
Decreasing Effect Increased Risk of Loss Of Purchasing Power
0%
Decreasing Effect Increased Safety of Principal
0%
Sixth (Middle) Insured Municpals
0%
Seventh (Middle) Life Insurance (Cash Values)
0%
Sixth (Left) Municpal Bonds
0%
Seventh (Left) Savings Accounts
0%
No matching quizzes found
Score Distribution
Percent of People with Each Score
Percentile by Number Answered
Your Score History
You have not taken this quiz since the last reset